000 00416nam a2200157Ia 4500
008 240729s9999 xx 000 0 und d
022 _a2374-3743
245 0 _aJournal of Patient Experience
260 _aUnited States
260 _bSAGE Publishing
650 _a Medicine (General)
650 _aMedicine
856 _uhttps://doaj.org/toc/9457a96dfd8541ca8cf23f8468e61fb7
942 _2ddc
942 _cDOAJEJ
999 _c67841
_d67841
945 _a1
_bMadushi Gamage
_c1
_dMadushi Gamage